000 00680nam a2200193 a 4500
001 000013776
005 20240306073903.0
008 091130s2008 dr a 000 0 spa d
020 _a9789945113105
040 _aDO-SdBNP
_bspa
_cBNPHU
082 _axxxx
_bG736
245 0 0 _aGrafomotricidad 4 años :
_btercer trimestre /
_cdirección editorial Obdulia García de Escobar ; ilustración Jonás Muvdi, José Amado Polanco.
260 _aSanto Domingo :
_bSantillana,
_c2008.
300 _a215 p. :
_bil. ;
_c21 cm.
700 1 _aGarcía Escobar, Obdulia de
_edir. ed.
_929220
700 1 _aMuvdi, Jonás
_eil.
_931176
700 1 _aPolanco, José Amado,
_eil.
_923172
049 _aBNPD
999 _c13388
_d13388